000 00735nam a2200229Ia 4500
003 OSt
005 20220927105015.0
006 a|||||r|||| 00| 0
007 ta
008 220926b |||||||| |||| 00| 0 eng d
024 _a153254
037 _cReference Collections
040 _aRTL
_cRTL
_beng
041 _2eng
_aeng
082 _aX71.224.N66
110 _aMysore (Govt. of-) (Finance Department)
_9369313
245 0 _aReview of the Working of Govt. Department with special reference to Development in Three Annual Plans.1966-67to1968-69
260 _c1966
700 _aMysore (Govt. of-) (Finance Department)
_9369314
942 _hX71.224.N66
_cCC
999 _c690156
_d690156